Statystyki dla Państwa na literę I

Kliknij tutaj aby rozwiązać quiz!

Ogólne statystyki

  • Ten quiz został rozwiązany 15,105 razy
  • Średni wynik to 6 z 7

Statystyki odpowiedzi

Kraj % Correct
Irak
94%
Iran
94%
Indonezja
86%
Irlandia
81%
Indie
79%
Islandia
78%
Izrael
65%

Rozkład punktacji

Percentyl według liczby udzielonych odpowiedzi

Procent ludzi z każdym wynikiem

Twoja historia wyników

Nie rozwiązałeś tego quizu